[Event "3rd Stars Cup 2019"]
[Site "Anzali"]
[Date "2019.02.17"]
[Round "8.1"]
[White "Safarli, Eltaj"]
[Black "Pourramezanali, Amirreza"]
[Result "1/2-1/2"]
[WhiteElo "2681"]
[BlackElo "2529"]
[Annotator "TA"]
[PlyCount "132"]
[EventDate "2019.02.12"]
[EventType "schev"]
[EventCountry "IRI"]
[SourceTitle "playchess.com"]
[Source "ChessBase"]
[SourceQuality "1"]

{[%evp 15,132,10,12,-1,0,0,0,-12,16,12,20,11,11,0,12,11,22,25,18,20,22,8,0,0,0,-8,-1,-5,0,0,0,0,67,59,72,42,65,56,82,66,67,61,53,68,105,100,108,105,73,100,132,132,140,55,131,132,122,62,87,58,61,0,0,0,0,0,0,0,0,0,0,0,0,0,0,0,0,0,0,0,0,0,0,0,0,0,0,0,0,0,0,0,0,-6,0,0,0,0,0,0,0,0,0,0,0,0,0,0,0,0,0,0,0,0,0,0,0,0,0]} 1. e4 e6 2. d4 d5 3. Nc3 Bb4 4. exd5 exd5 5. Bd3 c6 6. a3 {C01: French: Exchange Variation} (6. Nge2 Qf6 7. O-O Ne7 8. Ng3 O-O 9. Re1 Ng6 10. Be3 Bd6 11. Qh5 Na6 12. Nf5 Bxf5 13. Bxf5 h6 14. g3 {1-0 (54) Adams,M (2712)-Gupta,A (2588) Douglas 2018}) 6... Bd6 7. Qf3 Qf6 8. Qxf6 Nxf6 {LiveBook: 5 Games} 9. Bg5 Nh5 $146 ({Predecessor:} 9... Ng8 10. O-O-O f6 11. Bh4 Nh6 12. Bg3 Bxg3 13. hxg3 {½-½ (23) Berchtenbreiter,M (2419)-Haba,P (2502) Pardubice 2014}) 10. Nge2 {[%cal Bg1e2,Be2c1,Bc1d3][%mdl 32]} O-O 11. O-O-O h6 12. Bd2 f5 13. f3 b6 14. Kb1 Ba6 15. Nc1 Bxd3 16. Nxd3 ({Of course not} 16. cxd3 Nd7 $15) 16... Nd7 17. Rde1 Rfe8 18. Ne2 Kf7 19. a4 {[%cal Ba3a4,Ba4a5][%mdl 32]} Re6 20. Kc1 Rae8 21. Kd1 g5 22. b4 a6 23. g3 b5 (23... c5 $11) 24. a5 $1 $14 Kg6 25. Rhf1 Ng7 26. h4 Nh5 {[#]} 27. Rg1 $1 g4 $1 28. fxg4 fxg4 29. Bf4 $1 {[%cal Rf4d6]} Kg7 30. Bxd6 Rxd6 31. Nef4 Rxe1+ 32. Rxe1 Nxf4 33. Nxf4 $16 {[%mdl 4096] Endgame KRN-KRN} Kf7 34. Rf1 (34. Re3 $16) 34... Rf6 ({Better is} 34... Kg7 $14) 35. Ke2 Ke7 36. Nd3 (36. Rf2 $16) 36... Re6+ $1 $14 37. Kd2 Nf6 $1 38. Ne5 ({White should play} 38. Nc5 $14) 38... Ne4+ $11 {The position is equal.} 39. Kd3 h5 $1 40. Rf7+ Kd8 41. Ra7 Kc8 $1 42. Ra8+ Kc7 43. Ra7+ Kc8 44. Nd7 Nxg3 45. Nc5 Rg6 {[#] Hoping for ...Ne4!} 46. Rxa6 Ne4 47. Ra8+ ({Don't blunder} 47. Nxe4 $2 dxe4+ 48. Kxe4 g3 $19) 47... Kc7 48. Ra7+ Kb8 49. Rb7+ Ka8 {aiming for ...Nxc5+.} 50. Rf7 $1 Nxc5+ (50... g3 $5 51. Rf8+ $8 Ka7 52. Rf7+ Kb8 53. Rf8+ Kc7 54. Rf7+ Kd8 $11) 51. dxc5 {KR-KR} g3 {Threatens to win with ...g2.} 52. Rf1 Rg4 53. c3 Rxh4 54. Rf8+ $1 Ka7 55. Rg8 Rh3 56. Kd4 $1 h4 {And now ...Rh1 would win.} 57. Ke5 $1 Rh1 58. Kd6 Rf1 {Strongly threatening ...Rf6+.} 59. Kxc6 h3 60. Rg7+ Ka6 61. Rg8 {[%cal Rg8a8]} Rf6+ (61... Ka7 $5 62. Rg7+ $8 Ka6 $11) 62. Kc7 {[%cal Rg8a8]} Rf7+ 63. Kb8 Rb7+ 64. Ka8 $1 {White threatens Rg6+ and mate.} Ra7+ 65. Kb8 {[%cal Rg8g6]} Rb7+ 66. Ka8 $1 {White wants to mate with Rg6+.} Ra7+ {Precision: White = 67%, Black = 71%.} 1/2-1/2

[Event "3rd Stars Cup 2019"]
[Site "Anzali"]
[Date "2019.02.17"]
[Round "8.2"]
[White "Alekseev, Evgeny"]
[Black "Maghsoodloo, Parham"]
[Result "1/2-1/2"]
[WhiteElo "2639"]
[BlackElo "2666"]
[Annotator "TA"]
[PlyCount "69"]
[EventDate "2019.02.12"]
[EventType "schev"]
[EventCountry "IRI"]
[SourceTitle "playchess.com"]
[Source "ChessBase"]
[SourceQuality "1"]

{[%evp 9,69,3,36,31,36,9,36,0,1,2,7,0,8,3,29,7,28,-14,-5,-7,0,0,0,0,17,0,0,-4,0,15,31,0,0,0,14,23,31,39,33,27,36,38,48,41,111,99,101,98,82,84,256,88,94,58,57,41,35,0,42,0,36,0]} 1. e4 c5 2. Nf3 Nc6 3. Bb5 e6 4. Bxc6 bxc6 5. d3 f6 6. Nh4 {aiming for Qh5+. B30: Sicilian: 2...Nc6 3 Bb5, lines without ...g6} g6 7. f4 Bg7 (7... f5 8. Nf3 fxe4 9. dxe4 Ba6 10. e5 Nh6 11. Nc3 Qb6 12. Ne4 O-O-O 13. c3 Be7 {1-0 (31) Solodovnichenko,Y (2590)-Salvador,R (2464) Milan 2008}) 8. c4 d6 9. O-O Nh6 10. Nc3 Nf7 $146 ({Predecessor:} 10... f5 11. Nf3 O-O 12. Qe2 Nf7 13. exf5 exf5 {½-½ (34) Komliakov,V (2460)-Kalugin,S (2255) Orel 1997}) 11. Be3 O-O 12. Qd2 g5 13. fxg5 fxg5 14. Nf3 {[%cal Rf3g5]} g4 15. Ne1 $1 Bd7 16. Nc2 Qh4 17. Bf4 Qh5 18. Bg3 e5 19. Ne3 Nh8 20. Rxf8+ (20. Nf5 $5 Bxf5 21. exf5 $11) 20... Rxf8 21. Rf1 Rxf1+ 22. Nxf1 Bh6 23. Qd1 Qe8 24. Bf2 Ng6 25. Ne3 Qc8 26. Ne2 Nf4 (26... Bf4 $14) 27. Ng3 $1 $16 Bf8 28. Nef5 $1 h5 29. Be3 Be8 $2 {[#]} (29... Qe8 $16) 30. Qf1 $2 (30. h3 $1 $18 {[%mdl 512] and the rest is easy.}) 30... Ne6 31. Nh6+ Kh7 $1 ({Don't play} 31... Bxh6 32. Bxh6 Bg6 33. Qf6 $16) 32. Nf7 Kg8 33. Nh6+ Kh7 $1 ({Reject} 33... Bxh6 $6 34. Bxh6 Bg6 35. Qf6 $16) 34. Nf7 Kg8 35. Nh6+ {Accuracy: White = 49%, Black = 44%.} 1/2-1/2

[Event "3rd Stars Cup 2019"]
[Site "Anzali"]
[Date "2019.02.17"]
[Round "8.3"]
[White "Bosiocic, Marin"]
[Black "Firouzja, Alireza"]
[Result "0-1"]
[WhiteElo "2618"]
[BlackElo "2618"]
[Annotator "TA"]
[PlyCount "154"]
[EventDate "2019.02.12"]
[EventType "schev"]
[EventCountry "IRI"]
[SourceTitle "playchess.com"]
[Source "ChessBase"]
[SourceQuality "1"]

{[%evp 9,154,2,51,47,35,32,26,31,22,30,30,27,35,18,27,18,32,-48,-38,-45,-54,-81,-66,-60,-50,-53,-20,-25,-6,-19,16,-11,22,21,20,8,26,18,35,77,90,78,87,89,79,0,0,0,0,-105,-108,-104,-111,-167,-166,-153,-161,-177,-172,-166,-176,-268,-249,-295,-295,-293,-285,-287,-289,-243,-164,-182,-191,-225,-225,-225,-225,-287,-287,-287,-257,-242,-208,-208,-208,-208,-208,-208,-208,-208,-208,-208,-208,-208,-208,-208,-208,-208,-208,-208,-208,-4737,-121,-4737,-4737,-4737,-4737,-4737,-4729,-4729,-4729,-4729,-4729,-4637,-4637,-4736,-4572,-4090,-2455,-1797,-1616,-3812,-4589,-3783,-3574,-3403,-2760,-29963,-29964,-29964,-29965,-29964,-29966,-29965,-12656,-29966,-29966,-29967,-29967,-29967,-29966,-29937,-12293,-8391,-7591,-5461,-5132]} 1. d4 d5 2. Nf3 Nf6 3. c4 c6 4. e3 Bg4 5. Qb3 Qc8 (5... Qb6 6. Ne5 Be6 7. Nc3 Nbd7 8. Nxd7 Bxd7 9. cxd5 Nxd5 10. Bc4 Qxb3 11. Bxb3 e6 12. Ne4 Be7 13. Bd2 b6 14. Rc1 {½-½ (44) Wojtaszek,R (2727)-Yu,Y (2765) Batumi 2018}) 6. Nc3 {[%cal Rc4d5] D11: Slav Defence: 3 Nf3 sidelines and 3...Nf6 4 e3 Bg4} e6 7. Nh4 Be7 8. h3 {White has an edge.} Bh5 9. g4 Bg6 10. Nxg6 hxg6 11. Bg2 Nbd7 12. g5 Nh5 $146 ({Predecessor:} 12... dxc4 13. Qxc4 {1-0 (34) Papahristoudis,A (2050)-Gkikas,V (1759) Athens 2014}) 13. e4 (13. h4 $14) 13... dxc4 $1 $15 14. Qxc4 e5 15. O-O exd4 16. Qxd4 Bc5 17. Qc4 b5 18. Qb3 $1 Ne5 {[%cal Bd7e5,Be5c4,Bc4d2][%mdl 32]} 19. Ne2 $1 Qe6 20. Qc3 Qe7 (20... Qd6 {looks sharper.} 21. Be3 Bxe3 22. Qxe3 Rd8 23. b3 O-O) 21. Be3 Bxe3 22. Qxe3 Nc4 23. Qc1 Rd8 {[%cal Ba8d8,Bd8d7,Bd7d6,Bd6d1][%mdl 32]} 24. b3 Nd2 25. Qxc6+ Rd7 26. Rfc1 O-O 27. Qxb5 (27. Rc5 $1 $16) 27... a6 $1 $36 {[%cal Ra6b5][%mdl 2048] Black has some pressure.} 28. Qc6 Rd6 29. Qc5 (29. Qc3 $11) 29... Nxb3 $1 $17 30. axb3 Rd1+ $1 31. Kh2 (31. Rxd1 $17 Qxc5 32. Rxa6) 31... Qxc5 $19 32. Rxc5 Rxa1 33. e5 Ra2 34. Bf3 Rb2 35. Rc3 {[#]} (35. Bg4 $142) 35... Rb8 $1 36. e6 fxe6 37. Bg4 Kh7 38. Rc6 a5 ({Much less strong is} 38... R2xb3 39. Rxa6 R3b5 40. Nc3 $19) 39. Rc5 Ra2 40. Re5 Rf8 ({Resist} 40... Rxb3 41. Bxe6 a4 42. Bf7) 41. Kg2 Nf4+ 42. Nxf4 Rxf4 {[%mdl 4096] Endgame KRR-KRB} 43. Kg3 Rfxf2 44. Rxe6 Rfb2 45. Rb6 a4 46. Be6 axb3 47. Rb8 Rg2+ 48. Kh4 Ra4+ 49. Bg4 Rb2 {Threatens to win with ...Ra6.} ({Worse is} 49... b2 50. Rh8+ Kxh8 $11) 50. Rxb3 Rba2 51. Rb5 Rd4 52. Rc5 Ra3 53. Rb5 Rf3 54. Rb4 Rff4 55. Rxd4 $2 (55. Rb5) 55... Rxd4 {KR-KB} 56. Kg3 {[#]} Kg8 $1 {[%cal Rg8f7]} 57. Be6+ Kf8 58. h4 Ke7 59. Ba2 Rb4 60. Bd5 Ra4 61. Bg8 Ra6 62. Bd5 Kd6 63. Be4 Ke5 64. Bc2 Kd4 65. Bb1 Ke3 66. Bc2 Rb6 67. Ba4 Rb1 68. Bc2 Rg1+ 69. Kh2 Rg4 70. Bxg6 Kf4 71. Kh3 Rg3+ 72. Kh2 Kg4 73. Bf7 Kxh4 74. g6 Rg5 75. Be8 Re5 {( -> ...Re2+)} 76. Bf7 Re2+ 77. Kg1 Kg5 {Accuracy: White = 66%, Black = 83%.} 0-1

[Event "3rd Stars Cup 2019"]
[Site "Anzali"]
[Date "2019.02.17"]
[Round "8.4"]
[White "Tiviakov, Sergei"]
[Black "Tabatabaei, M.Amin"]
[Result "1/2-1/2"]
[WhiteElo "2610"]
[BlackElo "2590"]
[Annotator "TA"]
[PlyCount "107"]
[EventDate "2019.02.12"]
[EventType "schev"]
[EventCountry "IRI"]
[SourceTitle "playchess.com"]
[Source "ChessBase"]
[SourceQuality "1"]

{[%evp 22,107,60,49,47,29,28,26,49,27,56,35,41,39,48,23,28,0,-17,-38,0,0,0,0,0,0,0,-25,-37,-54,-50,-62,-30,-32,-33,-37,-22,-23,-22,-20,-21,-29,-28,-33,-12,-26,-24,-50,-50,-56,-44,-51,-43,-142,-145,-148,-59,-59,-59,-59,-59,-189,0,0,0,0,0,0,0,0,0,0,0,0,0,0,0,0,68,60,80,0,0,0,69,0,0,0]} 1. e4 c5 2. Nc3 d6 3. Nge2 Nc6 4. d4 cxd4 5. Nxd4 Nf6 6. Bg5 e6 7. Qd2 Be7 8. O-O-O a6 9. f4 Bd7 10. Nf3 b5 11. Bxf6 gxf6 12. Kb1 h5 {B69: Sicilian: Richter-Rauzer: 7...a6 8 0-0-0 Bd7 9 f4 Be7 10 Nf3 b5 11 Bxf6} 13. g3 b4 14. Ne2 Qb6 {White has an edge.} 15. Ned4 Na7 $146 ({Predecessor:} 15... O-O-O 16. Bc4 Na5 17. Bd3 Nb7 18. c3 bxc3 19. Rc1 Nc5 20. Rxc3 {1-0 (31) Predojevic,B (2616)-Buscher,M (2393) Porto Carras 2018}) 16. Bc4 a5 17. Qd3 a4 18. Nd2 Rc8 19. Nf1 Nc6 20. Bb5 Nxd4 (20... a3 $5) 21. Bxd7+ Kxd7 22. Qxd4 Bd8 23. Qd3 Rc3 24. Qd4 Rc6 25. h4 Ke7 26. Rh2 Qa5 27. Ne3 Bb6 28. Nc4 Qa6 29. Nxb6 Qxb6 30. Qxb6 Rxb6 $11 {[%mdl 4096] Endgame KRR-KRR} 31. Rd3 Rg8 32. Rf2 e5 33. Kc1 Rc6 34. Kd1 Rc4 35. Re3 Rg4 36. Kd2 Ke6 37. b3 ({White should try} 37. f5+ $15 Kd7 38. Rfe2) 37... Rd4+ $17 38. Ke2 {[#]} a3 (38... exf4 $1 $17 39. Rxf4 Rxf4 40. gxf4 a3) 39. f5+ $1 $15 Kd7 $1 40. Kf3 Rd1 41. c3 {[#]} (41. Rg2 $15) 41... bxc3 $2 (41... d5 $1 $19 {[%cal Rd5d4] aiming for ...d4.} 42. exd5 Rg1) 42. Rc2 $1 $11 d5 43. exd5 e4+ 44. Ke2 Rg1 45. Kf2 Rh1 {...Rh2+ is the strong threat.} 46. Kg2 Rb1 47. Rexc3 Kd6 48. b4 Rxb4 49. Rxa3 Kxd5 ({Black should play} 49... Rd4 $11) 50. Rd2+ $14 Kc4 51. Rc2+ (51. Ra8 $16) 51... Kd4 52. Rd2+ (52. Ra7 $11) 52... Kc4 53. Rc2+ (53. Ra8 $14) 53... Kd4 54. Rd2+ {Accuracy: White = 50%, Black = 66%.} 1/2-1/2